Countries United Airlines Flies To - Statistics

General Stats
  • This quiz has been taken 86 times
  • The average score is 48 of 58
Answer Stats
Country % Correct
China
100%
France
98%
Germany
98%
Canada
96%
Chile
96%
Japan
96%
Mexico
96%
United Kingdom
96%
Australia
95%
Brazil
95%
Ireland
95%
South Africa
95%
South Korea
95%
Spain
95%
Argentina
93%
Colombia
93%
Italy
93%
India
91%
Portugal
91%
United States
91%
Honduras
89%
Netherlands
89%
Panama
89%
Belgium
88%
Costa Rica
88%
New Zealand
88%
Singapore
88%
El Salvador
86%
Guatemala
86%
Norway
86%
Peru
86%
Sweden
86%
Bahamas
84%
Belize
84%
Cuba
84%
Dominican Republic
84%
Greece
84%
Iceland
84%
Israel
84%
Barbados
82%
Nicaragua
82%
Switzerland
82%
Ecuador
81%
Jamaica
77%
Philippines
75%
Taiwan
74%
Trinidad and Tobago
74%
Antigua and Barbuda
72%
Croatia
70%
Nigeria
70%
Saint Lucia
70%
Saint Kitts and Nevis
68%
Ghana
60%
Czech Republic
58%
Jordan
49%
Micronesia
44%
Marshall Islands
40%
Palau
37%
No matching quizzes found
Score Distribution
Percent of People with Each Score
Percentile by Number Answered
Your Score History
You have not taken this quiz